Programa nacional para la conservación del oso andino Tremarctos Ornatus (Registro nro. 20146)

Detalles MARC
000 -CABECERA
Campo de control 00519nam a22001697a 4500
005 - FECHA Y HORA DE LA ULTIMA TRANSACCION
Campo de control 20180323161107.0
008 - ELEMENTOS DE LONGITUD FIJA—INFORMACION GENERAL
Campo de control 180323b2001 ck ||||| |||| 00| 0 spa d
040 ## - FUENTE DE CATALOGACIÓN
Agencia catalogadora original CO-BoIAVH
Agencia transcriptora CO-BoIAVH
041 ## - IDIOMA
Código de idioma para texto/pista de sonido o título separado Español
044 ## - PAÍS DE PUBLICACIÓN
País de publicación Colombia
090 ## - CLASIFICACIÓN LOCAL
Colección FG-
Consecutivo 0287
110 2# - ASIENTO PRINCIPAL--NOMBRE CORPORATIVO
Nombre corporativo o de jurisdicción como elemento de entrada Colombia.
Unidad subordinad Ministerio del Medio Ambiente
9 (RLIN) 90764
245 10 - MENCION DE TITULO
Título Programa nacional para la conservación del oso andino Tremarctos Ornatus
260 ## - PUBLICACION, DISTRIBUCION, ETC. (PIE DE IMPRENTA)
Lugar de publicación, distribución, etc. Bogotá:
Nombre del editor, distribuidor, etc. Ministerio del Medio Ambiente ,
Fecha de publicación, distribución, etc. 2001.
300 ## - DESCRIPCION FISICA
Extensión 23 páginas:
942 ## - ELEMENTOS ADICIONALES (KOHA)
Sistema de clasificación Local
Tipo de ítem Folleto
Existencias
Withdrawn status Lost status Sistema de Clasificación Damaged status No para préstamo Colección Ubicación Permanente Ubicación actual Fecha de adquisición Fuente de Valor Valor Total Checkouts Número topográfico Inventario / Código de Barras Date last seen Ejemplar Price effective from Forma de adquisición Tipo de material
    Local     Hemeroteca Bogotá Bogotá 23/03/2018 Instituto 15000.00   FG-0287 034674 23/03/2018 Ej. 1 23/03/2018 Canje Folleto
    Local     Hemeroteca Bogotá Bogotá 23/03/2018 Instituto 15000.00   FG-0287 034675 23/03/2018 Ej. 2 23/03/2018 Canje Folleto
    Local       Bogotá Bogotá 23/03/2018 Instituto 15000.00   FG-0287 043548 23/03/2018 Ej. 3 23/03/2018 Canje Folleto